000 00585nam a2200241Ia 4500
008 210210b1887 xxu||||| |||| 00| 0 eng d
041 _aeng
082 _a321/72
100 _aSTUBBS (William)
245 _aConstitutional history of England in its origin and development Vol II
260 _a
_bAt the Clarendon Press
_c1887
300 _a670
650 _aVol
650 _aorigin
650 _aits
650 _aII
650 _ahistory
650 _aEngland
650 _adevelopment
650 _aConstitutional
690 _aPolitical Science
906 _a003389
999 _c121075
_d121075